| 000 | 01175nac a22003371u 4500 | ||
|---|---|---|---|
| 003 | EG-ScBUE | ||
| 005 | 20211118135934.0 | ||
| 008 | 200219s1975 nyu f d 000 0 eng d | ||
| 020 | _a0060904798 | ||
| 040 |
_aEG-ScBUE _beng _erda _cEG-ScBUE _dEG-ScBUE |
||
| 041 |
_aeng _hgrc |
||
| 082 | 0 | 4 |
_a883.01 _bHOM _222 |
| 100 | 0 |
_aHomer, _eauthor. |
|
| 245 | 1 | 4 |
_aThe odyssey of Homer / _ctranslated with an introduction by Richmond Lattimore. |
| 250 | _aFirst edition. | ||
| 264 | 1 |
_aNew York : _bHarper Colophon Books, _c1975. |
|
| 300 |
_ax, 374 pages ; _c24 cm |
||
| 336 |
_2rdacontent _atext _btxt |
||
| 337 |
_2rdamedia _aunmediated _bn |
||
| 338 |
_2rdacarrier _avolume _bnc |
||
| 500 | _aIncludes glossary. | ||
| 546 | _aText in English ; translated from Greek language. | ||
| 650 | 7 |
_aEpic poetry, Greek _vTranslations into English. _2BUEsh _933616 |
|
| 650 | 7 |
_aOdysseus (Greek mythology) _vPoetry. _2BUEsh |
|
| 651 | _2BUEsh | ||
| 653 |
_bHHUUEENN _cNovember2021 |
||
| 655 |
_vReading book _934232 |
||
| 700 | 1 |
_aLattimore, Richmond Alexander, _d1906-1984, _etranslator. _939813 |
|
| 942 |
_cBB _2ddc |
||
| 999 |
_c1805 _d1805 |
||